| 000 -LEADER |
| fixed length control field |
00744cam a2200241 a 4500 |
| 001 - CONTROL NUMBER |
| control field |
1960 |
| 003 - CONTROL NUMBER IDENTIFIER |
| control field |
BD-DhUAP |
| 005 - DATE AND TIME OF LATEST TRANSACTION |
| control field |
20201224153539.0 |
| 008 - FIXED-LENGTH DATA ELEMENTS--GENERAL INFORMATION |
| fixed length control field |
201224s1998 maua b 001 0 eng |
| 020 ## - INTERNATIONAL STANDARD BOOK NUMBER |
| International Standard Book Number |
0072287004 |
| 040 ## - CATALOGING SOURCE |
| Original cataloging agency |
DLC |
| Transcribing agency |
DLC |
| Modifying agency |
BD-DhUAP |
| Language of cataloging |
eng |
| 082 00 - DEWEY DECIMAL CLASSIFICATION NUMBER |
| Classification number |
658.1511 EDM |
| Edition number |
23 |
| 100 ## - MAIN ENTRY--PERSONAL NAME |
| Personal name |
Edmonds, Thomas P. |
| 245 ## - TITLE STATEMENT |
| Title |
Fundamental managerial accounting concepts : |
| Remainder of title |
fall 1998 / |
| Statement of responsibility, etc. |
Thomas P. Edmonds, Cindy D. Edmonds and Bor-Yi Tsay. |
| 250 ## - EDITION STATEMENT |
| Edition statement |
Preliminary edition. |
| 260 ## - PUBLICATION, DISTRIBUTION, ETC. |
| Place of publication, distribution, etc. |
Boston : |
| Name of publisher, distributor, etc. |
Irwin/McGraw-Hill, |
| Date of publication, distribution, etc. |
c1998. |
| 300 ## - PHYSICAL DESCRIPTION |
| Extent |
xii, 524 pages : |
| Other physical details |
illustrations ; |
| Dimensions |
28 cm. |
| 500 ## - GENERAL NOTE |
| General note |
Includes index. |
| 650 ## - SUBJECT ADDED ENTRY--TOPICAL TERM |
| Topical term or geographic name entry element |
Managerial accounting. |
| 700 ## - ADDED ENTRY--PERSONAL NAME |
| Personal name |
Edmonds, Cindy D. |
| 700 ## - ADDED ENTRY--PERSONAL NAME |
| Personal name |
Tsay, Bor-Yi. |
| 942 ## - ADDED ENTRY ELEMENTS (KOHA) |
| Source of classification or shelving scheme |
|
| Koha item type |
Book |